[Event "POL-chT 2nd League"]
[Site "Jastrzebia Gora"]
[Date "2022.09.10"]
[Round "8.47"]
[White "Pisarek, Elzbieta"]
[Black "Szczypawka, Aleksandra"]
[Result "0-1"]
[WhiteElo "1788"]
[BlackElo "1741"]
[PlyCount "126"]
[EventDate "2022.09.03"]
[EventType "team-swiss"]
[EventRounds "9"]
[EventCountry "POL"]
[SourceTitle "CBM 210 Extra"]
[Source "ChessBase"]
[SourceDate "2022.11.30"]
[SourceVersion "1"]
[SourceVersionDate "2022.11.30"]
[SourceQuality "1"]
[WhiteTeam "Gliwice Politechnika Slaska"]
[BlackTeam "Plock Hetman"]
[WhiteTeamCountry "POL"]
[BlackTeamCountry "POL"]

1. e4 c5 2. Nf3 d6 3. d4 cxd4 4. Nxd4 Nf6 5. Nc3 a6 6. Be2 e5 7. Nb3 Be7 8. 0-0 b6 9. Be3 Bb7 10. Bf3 Nbd7 11. Qd2 0-0 12. a4 Qc7 13. Rad1 Rfd8 14. Qe2 Rac8 15. Rd2 Nc5 16. Nxc5 dxc5 17. Rfd1 h6 18. Nd5 Nxd5 19. exd5 Bd6 20. Be4 Qd7 21. Qh5 Qxa4 22. f3 Kf8 23. g4 Ke7 24. g5 Rh8 25. Rg2 Rcg8 26. gxh6 gxh6 27. Bxh6 Qe8 28. Rdd2 Bc8 29. Rg3 Kd8 30. Rdg2 Kc7 31. Rxg8 Rxg8 32. Bg7 Bd7 33. Bf5 Bxf5 34. Qxf5 Qd7 35. Qf6 Re8 36. Qh4 Qf5 37. Qe4 Qd7 38. Bf6 Qb5 39. b3 Qa5 40. Kf1 Qa1+ 41. Kf2 Qd4+ 42. Ke2 c4 43. bxc4 Qxe4+ 44. fxe4 a5 45. Kd3 Kd7 46. Kc3 a4 47. Kb2 Rc8 48. h4 Rxc4 49. h5 Bf8 50. Bxe5 Rxe4 51. Bg7 Bxg7+ 52. Rxg7 Ke7 53. d6+ Kxd6 54. Rxf7 Rh4 55. Rh7 Ke5 56. Rh6 Kd4 57. Rxb6 Rxh5 58. Rb4+ Kc5 59. Rxa4 Rh2 60. Kb3 Kb5 61. c4+ Kc5 62. Ra5+ Kb6 63. Rh5 Rxh5 0-1

[Event "Chelmno op 4th"]
[Site "Chelmno"]
[Date "2021.??.??"]
[Round "7"]
[White "Spionkowski, Fabian"]
[Black "Szczypawka, Aleksandra"]
[Result "0-1"]
[WhiteElo "1638"]
[BlackElo "1757"]
[PlyCount "84"]
[EventDate "2021.07.19"]
[EventType "swiss"]
[EventRounds "9"]
[EventCountry "POL"]
[SourceTitle "EXT 2022"]
[Source "ChessBase"]
[SourceDate "2021.10.06"]
[SourceVersion "1"]
[SourceVersionDate "2021.10.06"]
[SourceQuality "1"]

1. e4 c5 2. Nf3 d6 3. d4 cxd4 4. Nxd4 Nf6 5. Nc3 a6 6. Bc4 e6 7. 0-0 Be7 8. Be3 0-0 9. Qf3 Qc7 10. Bb3 Nbd7 11. Qg3 Nc5 12. Bh6 Ne8 13. Be3 b5 14. a3 Bb7 15. f3 Kh8 16. Ba2 Nf6 17. Nce2 Bc8 18. Nc3 Bd7 19. Nb3 Rac8 20. Rad1 Rfd8 21. Nxc5 dxc5 22. Qxc7 Rxc7 23. Ne2 h6 24. Ng3 Rcc8 25. h3 Kh7 26. f4 Bc6 27. e5 Nd5 28. Bxd5 exd5 29. Nf5 Bf8 30. Nd6 Bxd6 31. exd6 d4 32. Bf2 Rxd6 33. c3 Rg6 34. g4 f5 35. cxd4 fxg4 36. hxg4 Rxg4+ 37. Kh2 Rxf4 38. dxc5 Rcf8 39. Rd2 R8f5 40. Kg3 Rf3+ 41. Kh2 Rh5+ 42. Kg1 Rd3 0-1